|
|
|
|
| LEADER |
00000nam0a2200000 4500 |
| 001 |
267022 |
| 005 |
20231101234042.0 |
| 020 |
|
|
|a RU
|b 87-12059
|
| 035 |
|
|
|a (RuTPU)RU\TPU\book\290042
|
| 090 |
|
|
|a 267022
|
| 100 |
|
|
|a 20140718d1987 k a0rusy5003 ca
|
| 101 |
0 |
|
|a rus
|
| 102 |
|
|
|a RU
|
| 105 |
|
|
|a y z 001zy
|
| 200 |
1 |
|
|a Достижения и перспективы развития диффузионной сварки
|f под ред. Б. С. Митина
|
| 210 |
|
|
|a Москва
|c Изд-во МДНТП
|d 1987
|
| 215 |
|
|
|a 167 с.
|
| 320 |
|
|
|a Библиогр. в конце докл.
|
| 606 |
1 |
|
|a Диффузионная сварка
|2 stltpush
|3 (RuTPU)RU\TPU\subj\9740
|9 36919
|
| 610 |
1 |
|
|a развитие
|
| 610 |
1 |
|
|a достижения
|
| 610 |
1 |
|
|a перспективы
|
| 610 |
1 |
|
|a технологии
|
| 610 |
1 |
|
|a металлы
|
| 610 |
1 |
|
|a сплавы
|
| 675 |
|
|
|a 621.791
|z rus
|
| 702 |
|
1 |
|a Митин
|b Б. С.
|4 340
|
| 801 |
|
0 |
|a RU
|b RuMRKP
|c 19950417
|g psbo
|
| 801 |
|
1 |
|a RU
|b 63413507
|c 20140718
|
| 801 |
|
2 |
|a RU
|b 63413507
|c 20150915
|g RCR
|
| 942 |
|
|
|c BK
|